000 01314nam0a22002531 4500
001 rc\491411
005 20250621104450.0
035 _a(NLR Aleph) 005733330
090 _a7602133
_c7602133
100 _a20030616d1987 |||y0rusy50 ca
101 0 _arus
102 _aRU
105 _ay |||||||||
200 1 _aМетодические рекомендации по проведению курсов повышения квалификации учителей русского языка начальных классов малокомплектной казахской школы и учителей русского языка начальных классов, не являющихся специалистами по предмету
_fМ-во просвещения КазССР, Центр. ин-т усовершенствования учителей
_g[Сост. Р.Д. Есенжолова и др.]
210 _aАлма-Ата
_cБ. и.
_d1987
215 _a38 с.
_d20
320 _aБиблиогр. в тексте, с. 36-37
700 1 _4220
_7ca
_8rus
_aЕсенжолова
_bР. Д.
_f1927-
_gРоза Дуйсебаевна
_9191427
_3RU\NLR\AUTH\770191478
801 0 _aRU
_bNLR
_gpsbo
801 1 _aRU
_bELAR
_2rusmarc
852 _aNLR
_j87-4/8019
942 _cBOOK
980 _aNB